1759 1957 1249 1307 1744 1876 1025 1652 1423 1327 1605 1254 1487 1842 1492 1250 1800 1425 1826 1383 1901 1798 1148 1798 1456 1300 1662 1602 1768 1339 1724 1510 1796 1574 1667 1190 1215 1494 1437 1937 1416 1954 1792 1227 1000 1819 1154 1248 1264 1572 1780 1498 1749 1360 1283 1079 1533 1778 1590 1885 1571 1314 1032 1676 1386 1227 1009 1160 1718 1945 1817 1700 1057 1675 1483 1237 1262 1779 1114 1590 1703 1666 1543 1472 1346 1261 1440 1513 1439 1144 1747 1976 1933 1303 1209 1547 1712 1625 1038 BCNSPRNW ULIB Ver.6.0+V

เปลี่ยนเป็นภาษาไทย

Change to English
 แสดงรายละเอียดบรรณานุกรม
  กลับหน้าหลัก

Brief Record : Get Marc (ISO 2709) : E-mail record : QR code < ปิดหน้าต่าง
LEADER : 00000nam 2200000uu 4500
001    13399108865
003     ULIB
008    110315s2546||||th 000 0 tha d
060  4 W84.6^bน121ร 2546
110 1  กระทรวงสาธารณสุข.^bสถาบันพระบรมราชชนก, วิทยาลัยพยาบาลบรมราชชนี นครพนม
245 00 รายงานการประชุมเชิงปฏิบัติการเผยแพร่แนวคิดและประสบการณ์บริการปฐมภูมิ/^cวิทยาลัยพยาบาลบรมราชชนี นครพนม
260    นครพนม:^bวิทยาลัยพยาบาลบรมราชชนี นครพนม,^c2546
300    84 หน้า
650  7 บริการปฐมภูมิ
650  7 สาธารณสุขมูลฐาน
710 1  สถาบันพระบรมราชชนก^bวิทยาลัยพยาบาลบรมราชชนี นครพนม
945    ^p0^l0^i015749
995    ทศพร
999 ^a ใช้งานได้ทุกระบบ
รายการนี้ยังไม่มีแท็ก
คุณยังไม่ได้ล็อกอิน คุณสามารถมีกิจกรรมร่วมกับเว็บไซต์ได้ แต่ต้องล็อกอินก่อน ::
  ล็อกอิน

รายการสื่อสารสนเทศ

ลำดับที่ ประเภท เลขเรียก/บาร์โค้ด สถานที่ สถานะ
- ไม่พบข้อมูล -

รายการใกล้เคียง
    หัวเรื่อง [บริการปฐมภูมิ]
    หัวเรื่อง [สาธารณสุขมูลฐาน]

BibComment


ยังไม่เคยถูกคอมเมนท์

คอมเมนท์ทรัพยากรรายการนี้
  คอมเมนท์: รายงานการประชุมเช..


 Copyright 2026. Bcnsprnw @Library